Household incomes in Cuban agriculture. (Record no. 23248)
[ view plain ]
| 000 -LEADER | |
|---|---|
| fixed length control field | 00750cam4a220018100 4500 |
| 001 - CONTROL NUMBER | |
| control field | zam00005314 |
| 008 - FIXED-LENGTH DATA ELEMENTS--GENERAL INFORMATION | |
| fixed length control field | 970717n xx eng u |
| 035 ## - SYSTEM CONTROL NUMBER | |
| System control number | (Sirsi) r135314 |
| 040 ## - CATALOGING SOURCE | |
| Modifying agency | UPRA |
| 100 ## - MAIN ENTRY--PERSONAL NAME | |
| Personal name | Deere, Garmen. |
| Linkage | A108184.1 |
| 245 10 - TITLE STATEMENT | |
| Title | Household incomes in Cuban agriculture. |
| 260 ## - PUBLICATION, DISTRIBUTION, ETC. | |
| Place of publication, distribution, etc. | The Hague : |
| Name of publisher, distributor, etc. | ISS, |
| Date of publication, distribution, etc. | 1993. |
| 520 ## - SUMMARY, ETC. | |
| Summary, etc. | This paper focusses on current household income levels among the three main groups of Cuban agricultural households i.e wage workers on state farms, cooperatives and property owning peasant producers. |
| 650 #4 - SUBJECT ADDED ENTRY--TOPICAL TERM | |
| Topical term or geographic name entry element | Household Incomes. |
| Linkage | S81093.1 |
| 650 #4 - SUBJECT ADDED ENTRY--TOPICAL TERM | |
| Topical term or geographic name entry element | Cuba -- Wages -- Workers. |
| General subdivision | Cuba -- Wages -- Workers. |
| -- | Cuba -- Wages -- Workers. |
| Linkage | S81094.1 |
| 949 10 - LOCAL PROCESSING INFORMATION (OCLC) | |
| m | INESOR |
| t | BOOK |
| l | ON-SHELF |
No items available.